00429pab a2200145 454500008004000000100002300040245011000063260000900173300001300182362001100195650001800206650001800224650002100242773002000263180718b2004 xxu||||| |||| 00| 0 eng d aHidhayathhulla, A. aNascent higher education and nefarious privatisation in the Indian context of globalisation, WTO and GATS c2004 ap.12-15. a25 Oct aPrivatization aGlobalization aHigher education aUniversity News